000 00803nam a2200349 a 4500
003 DLC
005 20210219152802.0
022 _a0252-841X
035 _aUPN01000061112
049 _aUNE
099 _aRevista
245 0 0 _aBOLETIN DE ANTROPOLOGIA AMERICANA
260 _aMéxico :
260 _bInstituto Panamericano de Geografía e Historia
362 0 _a1983 (7,8)
362 0 _a1982 (6)
362 0 _a1984 (9,10)
362 0 _a1986 (13
362 0 _a1987 (15)
362 0 _a1988 (17)
362 0 _a1989 (19,20,21)
362 0 _a1990 (22)
362 0 _a1991 (23,24)
362 0 _a1992 (25,26)
362 0 _a1993 (27,28)
362 0 _a1994 (29,30)
362 0 _a1997 (31)
362 0 _a1998 (32)
362 0 _a1999 (34,35)
905 _aRevista
999 _c60769
_d60769